| 000 -LEADER |
| fixed length control field |
01038cam a22002893a 4500 |
| 001 - CONTROL NUMBER |
| control field |
18589792 |
| 003 - CONTROL NUMBER IDENTIFIER |
| control field |
OSt |
| 005 - DATE AND TIME OF LATEST TRANSACTION |
| control field |
20200218095249.0 |
| 008 - FIXED-LENGTH DATA ELEMENTS--GENERAL INFORMATION |
| fixed length control field |
150424s2008 enkb 000 1 eng |
| 010 ## - LIBRARY OF CONGRESS CONTROL NUMBER |
| LC control number |
2014472042 |
| 020 ## - INTERNATIONAL STANDARD BOOK NUMBER |
| International Standard Book Number |
9780316033657 |
| 035 ## - SYSTEM CONTROL NUMBER |
| System control number |
(OCoLC)ocn229021161 |
| 040 ## - CATALOGING SOURCE |
| Original cataloging agency |
UKM |
| Language of cataloging |
eng |
| Transcribing agency |
UKM |
| Modifying agency |
BTCTA |
| -- |
BAKER |
| -- |
UPZ |
| -- |
LIQ |
| -- |
TXA |
| -- |
YDXCP |
| -- |
CQU |
| -- |
BDX |
| -- |
OCLCO |
| -- |
OCLCF |
| -- |
OCLCO |
| -- |
DLC |
| 042 ## - AUTHENTICATION CODE |
| Authentication code |
lccopycat |
| 082 ## - DEWEY DECIMAL CLASSIFICATION NUMBER |
| Classification number |
FIC WEE |
| 100 1# - MAIN ENTRY--PERSONAL NAME |
| Personal name |
Weeks, Brent. |
| Relator term |
author |
| 245 10 - TITLE STATEMENT |
| Title |
Shadow's edge / |
| Statement of responsibility, etc. |
Brent Weeks. |
| 260 ## - PUBLICATION, DISTRIBUTION, ETC. |
| Place of publication, distribution, etc. |
London : |
| Name of publisher, distributor, etc. |
Orbit, |
| Date of publication, distribution, etc. |
2008. |
| 300 ## - PHYSICAL DESCRIPTION |
| Extent |
636 p. : |
| Other physical details |
1 map ; |
| Dimensions |
18 cm. |
| 440 ## - SERIES STATEMENT/ADDED ENTRY--TITLE |
| Title |
Night angel trilogy ; |
| Number of part/section of a work |
2 |
| 490 0# - SERIES STATEMENT |
| Series statement |
Fantasy Orbit |
| 520 ## - SUMMARY, ETC. |
| Summary, etc. |
Kylar has rejected the assassin's life in the wake of the Godking's violent coup, but when he learns that Logan Gyre, heir to Cenaria's throne, might be alive, trapped and in hiding, Kylar faces an impossible choice. |
| 650 #0 - SUBJECT ADDED ENTRY--TOPICAL TERM |
| Topical term or geographic name entry element |
Assassins |
| Form subdivision |
Fiction. |
| 655 #7 - INDEX TERM--GENRE/FORM |
| Genre/form data or focus term |
Fantasy fiction. |
| 906 ## - LOCAL DATA ELEMENT F, LDF (RLIN) |
| a |
7 |
| b |
cbc |
| c |
copycat |
| d |
2 |
| e |
ncip |
| f |
20 |
| g |
y-genrareb |
| 942 ## - ADDED ENTRY ELEMENTS (KOHA) |
| Source of classification or shelving scheme |
|
| Koha item type |
Books - Fiction |